Statistics for Guess the Anime

Click here to take the quiz!

General Stats

  • This quiz has been taken 23,544 times
  • The average score is 8 of 18

Answer Stats

HintAnswer% Correct
As players rush to log into the latest and greatest MMORPG using the NerveGear system, they find themselves trapped by the moderator and must fight their way to the final boss in order to escape, at the risk of dying in reality.Sword Art Online
79%
Disenfranchised Prince Lelouch sparks a revolution against the Holy Empire of Britannia with the aid of a supernatual power.Code Geass: Lelouch of the Rebellion
78%
To the dismay of the World Government, adventurers from around the globe toss the high seas into haywire as they seek the fabled treasures hidden away by the late Pirate King.One Piece
76%
Two brothers embark on a quest for the mystical Philosophers Stone but discover that the legend may harbour a darker meaning.Fullmetal Alchemist: Brotherhood
69%
In the wake of a zombie apocalypse, a group of high schoolers and their school nurse struggle to survive against not only the walking dead but the angst of teenage hormones.Highschool of the Dead
64%
A ragtag group of wannabe scientists develop a time machine capable of sending text messages to the past without realising the consequences.Steins;Gate
64%
After discovering that he's dead, Otonashi and the SSS fight against a girl known as Angel to uncover the secrets of their strange afterlife.Angel Beats!
52%
A notoriously perverted high school student, Issei thinks he's finally caught a lucky break when an attractive girl asks him out, only to be brutally murdered. To make matters worse, he's then resurrected by a demonic temptress who 'enslaves' him.High School DxD
49%
"The Miracle Generation" of athletes at Teikō Junior High specialise in basketball, yet one of them seems strangely ordinary at the sport, which is actually his surprising skill.Kuroko's Basketball
49%
A high school freshman decides to join the all-girl Light Music Club and is inspired to play guitar, but will they be ready to debut their band at the upcoming school festival?K-On!
44%
One day when walking to school, Tomoya comes across a nervous looking girl he's never seen before, Nagisa, and before long befriends her.Clannad
33%
Waitress Fuu enlists two highly skilled swordsmen to help her find the mysterious samurai who "smells of sunflowers".Samurai Champloo
30%
Having a new transfer student should be something every school knows how to manage, but for the students of Yomiyama North Middle School it could mean countless deaths as a mysterious and age-old curse begins its cycle once more with arrival of Kouichi Sakakibara.Another
27%
Hayao Miyazaki's final film featuring a loose account of the life of aeronautical engineer Jiro Horikoshi, who designed the famed Zero aircraft.The Wind Rises
15%
Androids known as Persocoms have become the norm in Japan, but when Hideki discovers that the model he found on the side of the street may be from a top secret experiment, he begins to run into all kinds of trouble.Chobits
12%
After an unfortunate mix-up, typical human Tsukune Aono finds himself in the awkward position of attending an academy exclusively for monsters, but is convinced to stay by the beautiful yet deadly Moka.Rosario to Vampire
8%
He may be arrogant, perverted and shameless but Akatsuki is certainly no slouch as he takes the magical school of BABEL by storm after returning from the world of Alayzard.Aesthetica of a Rogue Hero
5%
Enlisting the help of a strange wanderer on horseback, Doris seeks to slay the vampire lord who rules over the land that her town sits upon and end his tyranny forever.Vampire Hunter D
5%

Score Distribution

Percentile by Number Answered

Percent of People with Each Score

Your Score History

You have not taken this quiz